| 000 | 01198cam a2200373 i 4500 | ||
|---|---|---|---|
| 001 | 51389 | ||
| 003 | ARRUPE | ||
| 005 | 20150716162050.0 | ||
| 008 | 810727s1981 nyua b 001 0 eng | ||
| 010 | _a 79006851 | ||
| 020 |
_a0385158513 : _c$14.95 |
||
| 035 | _a(OCoLC)6625801 | ||
| 035 | _a(OCoLC)ocm06625801 | ||
| 035 | _a(CStRLIN)NYCG25781600-B | ||
| 035 | _a(NNC)51389 | ||
| 040 |
_dNNC _cArrupe |
||
| 041 | 0 | _aengger | |
| 050 | 0 |
_aBX1806 _b.H3813 |
|
| 082 | _a262/.131 | ||
| 090 |
_aBX1806 _b.H3813 |
||
| 100 | 1 |
_aHasler, August. _918316 |
|
| 240 | 1 | 0 |
_aWie der Papst unfehlbar wurde. _lEnglish |
| 245 | 1 | 0 |
_aHow the Pope became infallible : _bPius IX and the politics of persuasion / _cAugust Bernhard Hasler ; introd. by Hans Küng ; translated by Peter Heinegg. |
| 250 | _a1st ed. | ||
| 260 |
_aGarden City, N.Y. : _bDoubleday, _c1981. |
||
| 300 |
_axi, 383 p. : _bill. ; _c22 cm. |
||
| 500 | _aTranslation of Wie der Papst unfehlbar wurde. | ||
| 500 | _aIncludes index. | ||
| 504 | _aBibliography: p. [355]-359. | ||
| 600 | 0 | 0 |
_aPius _bIX, _cPope, _d1792-1878. _918317 |
| 650 | 0 |
_aPopes _xInfallibility _xHistory. _918318 |
|
| 942 |
_2lcc _cMONOGRAPH |
||
| 999 |
_c122973 _d122973 |
||